Normal view
MARC view
Entry Personal Name
001 - CONTROL NUMBER
- control field: 3414
003 - CONTROL NUMBER IDENTIFIER
- control field: BD-RjUL
005 - DATE AND TIME OF LATEST TRANSACTION
- control field: 20220605152134.0
008 - FIXED-LENGTH DATA ELEMENTS
- fixed length control field: 220605|| aca||aabn | a|a d
040 ## - CATALOGING SOURCE
- Original cataloging agency: BD-RjUL
- Transcribing agency: BD-RjUL
100 ## - HEADING--PERSONAL NAME
- Personal name: Islam, Md. Khairul
670 ## - SOURCE DATA FOUND
- Source citation: Work cat.: (BD-RjUL)79912: Islam, Md. Khairul, reproductive Biology and Induced Spawning of Labeo Rohita (Hamilton) and Puntius Gonionotus (Bleeker) With Reference to the Hatchery Management in South-Western Region of Bangladesh ;, 2006